000 01029nmm a2200265 a 4500
001 ocm000701620
003 TR-IsHL
005 20201028132030.0
008 131028s2003 tu tur
007 cr cn
035 _a701620
_b(N$T)
050 0 4 _aWZ70
_b.T57 2003
090 0 4 _aWZ70
_b.T57 2003
245 1 0 _aTıp tarihi araştırmaları 11 =
_bHistory of medicine studies
_h[electronic resource] /
_ced. Hüsrev Hatemi, Aykut Kazancıgil
250 _a1. bs.
260 _aİstanbul :
_bYüce Yayınları,
_c2003
300 _a248 p.
650 4 _aTıp
650 4 _aMedicine
650 0 _aTıp
_x Tarih
650 0 _aMedicine
_x History
650 7 _aMEDICAL / History
_2bisacsh
700 1 _aHatemi, Hüsrev Kazancıgil, Aykut
856 4 0 _uhttp://search.ebscohost.com/login.aspx?direct=true&scope=site&db=e011xww&AN=701620
999 _c4877
_d4877